Statistics for Countries Maurico Macri has visited

Click here to take the quiz!

General Stats

  • This quiz has been taken 9 times
  • The average score is 18 of 21

Answer Stats

Continent Country % Correct
South AmericaColombia
100%
South AmericaParaguay
100%
South AmericaChile
100%
North AmericaUnited States of America
100%
South AmericaBrazil
100%
South AmericaUruguay
100%
South AmericaPeru
89%
EuropeSpain
89%
EuropeItaly
89%
AsiaJapan
89%
AsiaChina
89%
EuropeFrance
89%
South AmericaEcuador
89%
EuropeGermany
89%
Europethe Netherlands
78%
North AmericaCanada
78%
EuropeSwitzerland
78%
EuropeBelgium
78%
AsiaUnited Arab Emirates
67%
EuropeVatican City
56%
AsiaQatar
56%

Score Distribution

Percentile by Number Answered

Percent of People with Each Score

Your Score History

You have not taken this quiz